Technicko-ekonomické hodnotenie MVE

Podrobná bibliografia
Hlavný autor: Macková, Michaela, 1981- (Autor)
Médium: Diplomová práca Kniha
Jazyk:slovenčina
PhysicalDescription:130 s. grafy, ilustr., tab. 29 cm
Vydavateľské údaje: Bratislava Slovenská technická univerzita, Stavebná fakulta 2012
ISBN:9788022736169
Vydanie:[1. vyd.]
Edícia:Edícia vedeckých prác zošit č. 114
Predmet:

MARC

LEADER 00000cam a2200000 a 4500
001 vtls010342261
003 SK-MaSNL
005 20260302045616.0
008 251124s2012 xo dla e 000 0dslo
015 |a SNBA2012/06-03357 
020 |a 9788022736169  |q (brož.) 
035 |a 80720572-5294-4E3F-A7A5-408241A1AD15 
035 |a urn:nbn:sk:snk-amjxw5 
035 |a urn:nbn:sk:snk-am0083qr 
040 |a SNK  |b slo  |c SNK  |e AACR2 
041 0 |a slo 
044 |a xo  |c SK 
072 7 |a 621.3  |x Elektrotechnika  |2 konspekt 
080 |a 621.311.21-022.51  |2 2001 
080 |a (043.3)  |2 2001 
080 |a 62:556  |2 2001 
080 |a 621.311.21  |2 2001 
100 1 |a Macková, Michaela,  |d 1981-  |4 aut  |9 702939 
245 1 0 |a Technicko-ekonomické hodnotenie MVE  |c Michaela Macková 
250 |a [1. vyd.] 
260 |a Bratislava  |b Slovenská technická univerzita, Stavebná fakulta  |c 2012 
300 |a 130 s.  |b grafy, ilustr., tab.  |c 29 cm 
490 1 |a Edícia vedeckých prác  |v zošit č. 114 
500 |a Biogr. údaje 
502 |a Dizertačná práca---Slovenská technická univerzita, Bratislava, 2010 
504 |a Bibliogr. s. 82-84. Zoz. použitých symbolov a skrat. Zoz. obr. a tab. 
650 0 7 |a malé vodné elektrárne  |2 SNKPH  |9 68588 
650 0 7 |a Small hydroelectric power plants  |2 SNKPHeng  |9 366348 
650 0 7 |a Hydrotechnics  |2 SNKPHeng  |9 330365 
650 0 7 |a hydrotechnika  |2 SNKPH  |9 69205 
650 0 7 |a Hydroenergetics  |2 SNKPHeng  |9 277711 
650 0 7 |a hydroenergetika  |2 SNKPH  |9 93946 
655 7 |a dizertácie  |2 SNKPH  |9 70277 
655 7 |a Dissertations  |2 SNKPHeng  |9 303036 
810 2 |a Slovenská technická univerzita v Bratislave.  |b Stavebná fakulta  |t Edícia vedeckých prác  |9 184598 
852 |a Štátna vedecká knižnica v Banskej Bystrici 
919 |a 978-80-227-3616-9 
958 |a NB 
968 |d 62 
999 |c 1094112  |d 1096042 
952 |a SNK  |b SNK  |y PREZ  |7 0  |p 17A1017987  |o snkSB 82998  |i snk2012/11310  |8 0  |0 0  |1 0  |4 0  |d 2012-06-08  |f 1  |l 0  |r 2025-05-05 00:00:00  |w 2026-02-24 
952 |a SNK  |b SNK  |y VYP  |7 0  |p 17A1017986  |o snkSB 82998 D1  |i snk2012/11311  |8 0  |0 0  |1 0  |4 0  |d 2012-06-08  |l 0  |r 2016-06-30 00:00:00  |w 2026-02-24